000 00968cab a2200289 4500
001 ABS50247
008 090401t1994 xxu||||| |||| 00| 0 eng d
035 _a(Sirsi) u74828
041 _aeng
100 _aPitts, G.
245 _aRegulation knots
260 _c1994
350 _a0
490 _aChartered Builder
_v6(2) March 1994, 6-7(2)
520 _aExamines how new regulations will affect timber frame construction, looking at thermal efficiency and the building materials market. Highlights factors such as environmental impact and "green" buildings.
650 _aAPPROVED DOCUMENT B
650 _aBUILDING REGULATIONS
_96224
650 _aCONSERVATION OF FUEL AND POWER (CONSULTATIVE DOCUMENT)
650 _aENERGY EFFICIENCY
650 _aSOLAR ENERGY
650 _aSPACE HEATING
650 _aTIMBER-FRAME BUILDINGS
650 _aTRADA
690 _aBUILDING AND CONSTRUCTION-ENERGY CONSERVATION
942 _n0
948 _c04/03/1997
999 _c47145
_d47145